00559cam a22001812 4500001001100000005001700011008004100028020002800069040001500097050002400112100003200136245007600168250001200244260003500256300001200291650003700303700003700340000000029520151021151044.0070122s xx 000 0 eng d a8129702282 :cKES 3,800 aKABUcKABU 0aQA76.9b.D3E46 20041 aElmasri, Ramez.@000014841010aFundamentals of database systems /cRamez Elmasri, Shamkant B. Navathe. a4th ed. aDelhi :bPearson Educ.,c2004. a1010 p. 0aDatabase management.@00001481841 aNavathe, Shamkant B.@0000148411